[Event "Ceske Budejovice op-A"]
[Site "Ceske Budejovice"]
[Date "2025.07.04"]
[Round "7"]
[White "Steinbauer, Sebastian"]
[Black "Deglmann, Ludwig"]
[Result "1/2-1/2"]
[WhiteElo "1955"]
[BlackElo "2222"]
[PlyCount "96"]
[EventDate "2025.06.28"]
[EventType "swiss"]
[EventRounds "9"]
[EventCountry "CZE"]
[SourceTitle "CB28_2025"]
[SourceDate "2025.07.09"]
[SourceVersion "1"]
[SourceVersionDate "2025.07.09"]
[SourceQuality "1"]

1. e4 c5 2. Nf3 Nc6 3. d4 cxd4 4. c3 d3 5. Bxd3 g6 6. 0-0 Bg7 7. Qe2 d6 8. Be3 Nf6 9. h3 0-0 10. Rd1 Bd7 11. Nbd2 Qb8 12. Nb3 Rd8 13. Rac1 Be8 14. c4 b6 15. Nbd4 Qb7 16. a3 Nxd4 17. Bxd4 Ba4 18. Re1 e5 19. Bc3 Bh6 20. Bd2 Bxd2 21. Nxd2 Nh5 22. b3 Bc6 23. Qe3 Nf4 24. Nb1 Qe7 25. Kh2 Rac8 26. Nc3 Rf8 27. Nd5 Bxd5 28. exd5 Nxd3 29. Qxd3 f5 30. a4 Qh4 31. Rc2 Rce8 32. Rce2 f4 33. f3 g5 34. Ra1 Rf6 35. Qd1 e4 36. Qe1 Qxe1 37. Raxe1 e3 38. g3 Kf7 39. gxf4 gxf4 40. Rd1 Rg8 41. Rd4 a5 42. Re1 Rg5 43. h4 Re5 44. Kh3 h5 45. Re2 Re8 46. Kh2 Re7 47. Kg1 Re8 48. Kf1 Rg8 1/2-1/2

[Event "Ceske Budejovice op-A"]
[Site "Ceske Budejovice"]
[Date "2025.06.30"]
[Round "3"]
[White "Steinbauer, Sebastian"]
[Black "Bourban, Karel"]
[Result "1-0"]
[WhiteElo "1955"]
[BlackElo "1829"]
[PlyCount "120"]
[EventDate "2025.06.28"]
[EventType "swiss"]
[EventRounds "9"]
[EventCountry "CZE"]
[SourceTitle "CB28_2025"]
[SourceDate "2025.07.09"]
[SourceVersion "1"]
[SourceVersionDate "2025.07.09"]
[SourceQuality "1"]

1. e4 c6 2. d4 d5 3. e5 Bf5 4. h4 h5 5. Ne2 e6 6. Ng3 Bg6 7. Be2 Nd7 8. Nxh5 Bxh5 9. Bxh5 g6 10. Bf3 Rxh4 11. Ke2 Nh6 12. c3 c5 13. Rxh4 Qxh4 14. g3 Qh2 15. Bxh6 Qxh6 16. Nd2 Rc8 17. Qb3 cxd4 18. cxd4 Qg5 19. Nf1 Rc4 20. Ne3 Rb4 21. Qc3 Nb6 22. b3 Rb5 23. Kf1 Bb4 24. Qc7 Qe7 25. Qb8+ Qd8 26. Qxa7 Qa8 27. Qxa8+ Nxa8 28. Rc1 Kd7 29. Ng4 Be7 30. Rc3 Nc7 31. Nh6 Rb4 32. Nxf7 Rxd4 33. Nh8 g5 34. Nf7 Rd2 35. a4 b6 36. Be2 Rb2 37. Rf3 d4 38. Bc4 g4 39. Rd3 Bc5 40. Nh6 Ke7 41. Nxg4 Ne8 42. Nh2 Ng7 43. g4 Kf7 44. Kg2 Kg6 45. Nf3 Rc2 46. Rxd4 Bxd4 47. Bd3+ Kf7 48. Bxc2 Bc5 49. Bd3 Ne8 50. Bc4 Nc7 51. Ne1 Kg6 52. f4 Be3 53. Kf3 Bd2 54. Nd3 Kg7 55. Ke4 Kf8 56. f5 Bc3 57. Bxe6 Nxe6 58. fxe6 Ke7 59. Kf5 Bd2 60. g5 Be3 1-0

[Event "Ceske Budejovice op-A"]
[Site "Ceske Budejovice"]
[Date "2025.06.29"]
[Round "2"]
[White "Garabik, Marek"]
[Black "Steinbauer, Sebastian"]
[Result "1-0"]
[WhiteElo "2097"]
[BlackElo "1955"]
[PlyCount "79"]
[EventDate "2025.06.28"]
[EventType "swiss"]
[EventRounds "9"]
[EventCountry "CZE"]
[SourceTitle "CB28_2025"]
[SourceDate "2025.07.09"]
[SourceVersion "1"]
[SourceVersionDate "2025.07.09"]
[SourceQuality "1"]

1. e4 e5 2. Bc4 Nc6 3. Nf3 Bc5 4. d3 Nf6 5. 0-0 d6 6. a4 Bg4 7. c3 a6 8. Re1 0-0 9. Nbd2 Qd7 10. Nf1 Rab8 11. b4 Ba7 12. Be3 Bxe3 13. Nxe3 Be6 14. Nd5 Bxd5 15. exd5 Ne7 16. d4 e4 17. Nd2 Nexd5 18. Qc2 Nb6 19. Bb3 d5 20. f3 exf3 21. Nxf3 c6 22. Ne5 Qd6 23. Qf5 Nc8 24. Bc2 Ne7 25. Qf4 Rbd8 26. Re3 Ng6 27. Qf5 Nd7 28. h4 Ndxe5 29. dxe5 Qe6 30. Qd3 Qg4 31. g3 f5 32. Bd1 Qc4 33. Qb1 f4 34. Be2 fxe3 35. Bxc4 dxc4 36. Qe4 Rde8 37. Qxc4+ Kh8 38. e6 Rf6 39. Rd1 Rfxe6 40. Qxe6 1-0

[Event "Ceske Budejovice op-A"]
[Site "Ceske Budejovice"]
[Date "2025.06.28"]
[Round "1"]
[White "Steinbauer, Sebastian"]
[Black "Bastyr, Pavel"]
[Result "1-0"]
[WhiteElo "1955"]
[BlackElo "1608"]
[PlyCount "55"]
[EventDate "2025.06.28"]
[EventType "swiss"]
[EventRounds "9"]
[EventCountry "CZE"]
[SourceTitle "CB28_2025"]
[SourceDate "2025.07.09"]
[SourceVersion "1"]
[SourceVersionDate "2025.07.09"]
[SourceQuality "1"]

1. e4 c5 2. Nf3 d6 3. d4 Nf6 4. Nc3 cxd4 5. Nxd4 a6 6. Be2 e6 7. 0-0 Be7 8. Qd3 0-0 9. Qg3 Kh8 10. Be3 Nbd7 11. f4 Nc5 12. Bf3 Qc7 13. Rad1 Rb8 14. e5 Ne8 15. Ne4 Nxe4 16. Bxe4 d5 17. Bd3 g6 18. Rf3 Ng7 19. Qh3 Rg8 20. g4 h5 21. Rg3 h4 22. Nf3 Qd8 23. Ng5 Bxg5 24. fxg5 Nh5 25. gxh5 d4 26. hxg6 dxe3 27. Qxh4+ Kg7 28. Qh6# 1-0

[Event "CZE-ch Amateurs Blitz"]
[Site "Hluk"]
[Date "2025.05.09"]
[Round "10"]
[White "Koutny, Petr"]
[Black "Steinbauer, Sebastian"]
[Result "0-1"]
[WhiteElo "2048"]
[BlackElo "1786"]
[PlyCount "148"]
[EventDate "2025.05.09"]
[EventType "swiss (blitz)"]
[EventRounds "13"]
[EventCountry "CZE"]
[SourceTitle "CB20_2025"]
[SourceDate "2025.05.14"]
[SourceVersion "1"]
[SourceVersionDate "2025.05.14"]
[SourceQuality "1"]

1. e4 e5 2. Nf3 Nf6 3. Nc3 Bb4 4. Bc4 Nc6 5. d3 d6 6. 0-0 Bg4 7. Bg5 Nd4 8. Nd5 Bc5 9. Re1 h6 10. Be3 Nxf3+ 11. gxf3 Bh3 12. Kh1 Nh5 13. Rg1 c6 14. Nc3 Qh4 15. d4 exd4 16. Bxd4 0-0-0 17. Ne2 g5 18. c3 g4 19. f4 Rhe8 20. Qd3 d5 21. Bxc5 dxc4 22. Qe3 Rd3 23. Qc1 Qxf2 24. Bxf2 Rxe4 25. Ng3 Nxg3+ 26. Bxg3 Re2 27. Qd1 Rxd1 28. Raxd1 Rxb2 29. f5 Rxa2 30. f6 Rc2 31. Rde1 Rxc3 32. Re7 Rf3 33. Rc7+ Kd8 34. Rxf7 c3 35. Rf8+ Kd7 36. Rd1+ Ke6 37. f7 c2 38. Rc1 Rf1+ 39. Rxf1 Bxf1 40. Re8+ Kxf7 41. Re1 Bd3 42. Rc1 b5 43. Be1 c5 44. Bd2 b4 45. Ra1 a5 46. Rxa5 b3 47. Bc1 c4 48. Rc5 Ke6 49. Kg2 Kd6 50. Rc8 Kd5 51. Kf2 Kd4 52. Bb2+ Ke4 53. Re8+ Kf4 54. Rc8 h5 55. Ke1 h4 56. Kd2 g3 57. hxg3+ hxg3 58. Rf8+ Kg4 59. Rg8+ Kf3 60. Rf8+ Kg2 61. Bd4 Be4 62. Rg8 Kf3 63. Rf8+ Kg4 64. Rc8 g2 65. Rxc4 b2 66. Bxb2 g1Q 67. Rxe4+ Kf5 68. Rc4 Qf2+ 69. Kc3 Ke5 70. Kb3+ Kd5 71. Rxc2 Qb6+ 72. Kc3 Ke4 73. Re2+ Kf3 74. Rc2 Qc5+ 0-1

[Event "CZE-ch Amateurs Blitz"]
[Site "Hluk"]
[Date "2025.05.09"]
[Round "12"]
[White "Steinbauer, Sebastian"]
[Black "Vojta, Jakub"]
[Result "1/2-1/2"]
[WhiteElo "1786"]
[BlackElo "2222"]
[PlyCount "88"]
[EventDate "2025.05.09"]
[EventType "swiss (blitz)"]
[EventRounds "13"]
[EventCountry "CZE"]
[SourceTitle "CB20_2025"]
[SourceDate "2025.05.14"]
[SourceVersion "1"]
[SourceVersionDate "2025.05.14"]
[SourceQuality "1"]

1. e4 c6 2. d4 d5 3. exd5 cxd5 4. h3 Nf6 5. Bd3 Nc6 6. Nf3 g6 7. c3 Bf5 8. Bxf5 gxf5 9. Bf4 e6 10. Ne5 Bd6 11. Qe2 Rg8 12. g3 Bxe5 13. Bxe5 Nxe5 14. dxe5 Ne4 15. Nd2 Qb6 16. Nxe4 fxe4 17. 0-0-0 0-0-0 18. g4 Kb8 19. f3 exf3 20. Qxf3 Rd7 21. Rd4 Rc8 22. Kb1 Rdc7 23. Rb4 Qc5 24. Rf4 d4 25. Rxd4 Qxe5 26. Rhd1 a6 27. Qd3 h5 28. Rd8 hxg4 29. hxg4 f5 30. gxf5 exf5 31. Rxc8+ Rxc8 32. Qd6+ Qxd6 33. Rxd6 Rf8 34. Kc2 Kc7 35. Rd1 Kc6 36. b3 a5 37. a4 b6 38. Rh1 Rf6 39. Kd3 Kc5 40. Rh5 Kd5 41. b4 axb4 42. cxb4 Rf8 43. a5 bxa5 44. bxa5 Ke5 1/2-1/2

[Event "EU-ch U18 rapid"]
[Site "Prague"]
[Date "2024.08.17"]
[Round "3"]
[White "Steinbauer, Sebastian"]
[Black "Stevik, Patrik1"]
[Result "0-1"]
[WhiteElo "1990"]
[BlackElo "2244"]
[PlyCount "80"]
[EventDate "2024.08.17"]
[EventType "swiss (rapid)"]
[EventRounds "9"]
[EventCountry "CZE"]
[SourceTitle "CBM 221 Extra"]
[Source "ChessBase"]
[SourceDate "2024.09.30"]
[SourceVersion "1"]
[SourceVersionDate "2024.09.30"]
[SourceQuality "1"]

1. e4 e6 2. d4 d5 3. exd5 Qxd5 4. Nc3 Qd8 5. Nf3 Nf6 6. Bg5 Be7 7. Bd3 h6 8. Bh4 Nbd7 9. 0-0 b6 10. Ne5 Bb7 11. f3 0-0 12. Qe2 c5 13. Nxd7 Nxd7 14. Bxe7 Qxe7 15. dxc5 Nxc5 16. Be4 Nxe4 17. Nxe4 Rfd8 18. Rfd1 Qb4 19. c3 Qa5 20. a3 Qa4 21. Nd6 Ba6 22. c4 Rd7 23. Nb5 Rad8 24. Rxd7 Rxd7 25. Rc1 g6 26. Qe3 Bxb5 27. cxb5 Rd1+ 28. Rxd1 Qxd1+ 29. Kf2 Qc2+ 30. Qe2 Qc5+ 31. Kf1 h5 32. g3 Qd4 33. Kg2 e5 34. Qc2 Kg7 35. a4 h4 36. b3 hxg3 37. hxg3 Qe3 38. g4 Kh6 39. Qc4 Qf4 40. Qb4 Qxb4 0-1

[Event "Ceske Budejovice op"]
[Site "Ceske Budejovice"]
[Date "2024.07.03"]
[Round "5"]
[White "Dobsa, Emma"]
[Black "Steinbauer, Sebastian"]
[Result "0-1"]
[WhiteElo "1862"]
[BlackElo "1997"]
[PlyCount "56"]
[EventDate "2024.06.29"]
[EventType "swiss"]
[EventRounds "9"]
[EventCountry "CZE"]
[SourceTitle "CBM 221 Extra"]
[Source "ChessBase"]
[SourceDate "2024.09.30"]
[SourceVersion "1"]
[SourceVersionDate "2024.09.30"]
[SourceQuality "1"]

1. e4 c5 2. Nf3 Nc6 3. d4 cxd4 4. Nxd4 g6 5. c4 Bg7 6. Be3 Nf6 7. Nc3 d6 8. f3 0-0 9. Qd2 Re8 10. Be2 Bd7 11. 0-0-0 a6 12. g4 b5 13. cxb5 Nxd4 14. Bxd4 axb5 15. Kb1 Qa5 16. b3 b4 17. g5 Nxe4 18. Nxe4 Bxd4 19. Bc4 Bg7 20. Rhe1 Bf5 21. Bd5 Ra7 22. Re2 Rc8 23. Rc1 Bc3 24. Qd3 Rc5 25. Bc4 d5 26. Rxc3 bxc3 27. Ka1 Bxe4 28. Qd4 c2 0-1

[Event "Ceske Budejovice op"]
[Site "Ceske Budejovice"]
[Date "2024.07.02"]
[Round "4"]
[White "Steinbauer, Sebastian"]
[Black "Vybiral, Zdenek"]
[Result "0-1"]
[WhiteElo "1997"]
[BlackElo "2150"]
[PlyCount "78"]
[EventDate "2024.06.29"]
[EventType "swiss"]
[EventRounds "9"]
[EventCountry "CZE"]
[SourceTitle "CBM 221 Extra"]
[Source "ChessBase"]
[SourceDate "2024.09.30"]
[SourceVersion "1"]
[SourceVersionDate "2024.09.30"]
[SourceQuality "1"]

1. e4 c5 2. Nf3 d6 3. d4 cxd4 4. Nxd4 Nf6 5. Nc3 Nc6 6. f3 e5 7. Nb3 Be6 8. Nd5 Be7 9. c4 0-0 10. Be3 Ne8 11. Bd3 Bg5 12. Bxg5 Qxg5 13. 0-0 Nf6 14. Qd2 h6 15. Qxg5 hxg5 16. Nxf6+ gxf6 17. a3 Rfc8 18. Rac1 Rc7 19. g4 Rac8 20. Kg2 Ne7 21. Nd2 Ng6 22. Kf2 Kg7 23. Ke3 Nf4 24. Rf2 b5 25. b3 a5 26. Bf1 a4 27. bxa4 bxc4 28. Nb1 d5 29. exd5 Nxd5+ 30. Ke4 Ra8 31. Rfc2 Rxa4 32. Nc3 Nxc3+ 33. Rxc3 Rb7 34. Bxc4 Bxc4 35. Rxc4 Rxa3 36. R1c2 Rbb3 37. Rc8 Re3+ 38. Kd5 Rad3+ 39. Kc4 Rxf3 0-1

[Event "Ceske Budejovice op-A"]
[Site "Ceske Budejovice"]
[Date "2020.07.03"]
[Round "3"]
[White "Steinbauer, Sebastian"]
[Black "Stevik, Patrik1"]
[Result "0-1"]
[WhiteElo "1561"]
[BlackElo "2047"]
[PlyCount "66"]
[EventDate "2020.07.01"]
[EventType "swiss"]
[EventRounds "9"]
[EventCountry "CZE"]
[SourceTitle "CBM 197 Extra"]
[Source "ChessBase"]
[SourceDate "2020.09.30"]
[SourceVersion "1"]
[SourceVersionDate "2020.09.30"]
[SourceQuality "1"]

1. e4 e5 2. f4 exf4 3. Nf3 g5 4. h3 d6 5. d4 Bg7 6. Bc4 Nc6 7. Nc3 h6 8. Qd3 Nge7 9. a3 a6 10. Bd2 b5 11. Bb3 Rb8 12. Na2 0-0 13. 0-0-0 d5 14. Bc3 dxe4 15. Qxe4 Bf5 16. Qe2 Nd5 17. Ne5 Nxc3 18. Nxc3 Nxd4 19. Rxd4 Qxd4 20. Nc6 Qc5 21. Nxb8 Bxc3 22. Nxa6 Qb6 23. Nxc7 Qxc7 24. bxc3 Qxc3 25. Qxb5 Qa1+ 26. Kd2 Rd8+ 27. Ke2 Qf6 28. Re1 f3+ 29. gxf3 Bxh3 30. Kf2 Qd4+ 31. Re3 Qh4+ 32. Ke2 Bf1+ 33. Kxf1 Rd1+ 0-1

[Event "Ceske Budejovice op-A"]
[Site "Ceske Budejovice"]
[Date "2020.07.02"]
[Round "2"]
[White "Baloun, Tomas"]
[Black "Steinbauer, Sebastian"]
[Result "0-1"]
[WhiteElo "1859"]
[BlackElo "1561"]
[PlyCount "90"]
[EventDate "2020.07.01"]
[EventType "swiss"]
[EventRounds "9"]
[EventCountry "CZE"]
[SourceTitle "CBM 197 Extra"]
[Source "ChessBase"]
[SourceDate "2020.09.30"]
[SourceVersion "1"]
[SourceVersionDate "2020.09.30"]
[SourceQuality "1"]

1. e4 e5 2. Bc4 Nf6 3. d4 Nxe4 4. dxe5 f5 5. Nf3 Nc6 6. 0-0 b6 7. Nc3 Bb7 8. Bf4 Nxc3 9. bxc3 Na5 10. Bd3 g6 11. Nd4 h5 12. Re1 Qe7 13. Qd2 Qg7 14. Bg5 Be7 15. Rad1 0-0-0 16. Bxe7 Qxe7 17. Qe2 Kb8 18. Ba6 Ba8 19. c4 h4 20. h3 Rhf8 21. c5 f4 22. f3 Qxc5 23. Kh1 Nc6 24. e6 Nxd4 25. Rxd4 Qxd4 26. e7 Qf6 27. exd8Q+ Rxd8 28. Qe7 Qxe7 29. Rxe7 Bb7 30. Bd3 c5 31. Bxg6 d5 32. Rf7 c4 33. Rxf4 d4 34. Rxh4 d3 35. cxd3 cxd3 36. Bxd3 Rxd3 37. Kh2 Rd2 38. Kg3 Rxa2 39. Rh8+ Kc7 40. h4 b5 41. h5 Rd2 42. h6 Rd7 43. Kf4 b4 44. h7 Kb6 45. Re8 Rxh7 0-1